Commentary and Control in Shakespeare's Plays (Record no. 8719)
[ view plain ]
| 000 -LEADER | |
|---|---|
| fixed length control field | 00448 a2200145 4500 |
| 020 ## - INTERNATIONAL STANDARD BOOK NUMBER | |
| International Standard Book Number | 0391003690 (Humaniti |
| 005 - DATE AND TIME OF LATEST TRANSACTION | |
| control field | 20191017172318.0 |
| 084 ## - OTHER CLASSIFICATION NUMBER | |
| Classification number | PR2976 .B45 1974 |
| 245 ## - TITLE STATEMENT | |
| Title | Commentary and Control in Shakespeare's Plays |
| Medium | |
| 260 ## - PUBLICATION, DISTRIBUTION, ETC. | |
| Place of publication, distribution, etc. | no |
| Name of publisher, distributor, etc. | Universitetsforlaget |
| Date of publication, distribution, etc. | 1974 |
| 300 ## - PHYSICAL DESCRIPTION | |
| Extent | 246, [1] p. |
| Other physical details | 21 cm. |
| Dimensions | 246, [1] p. ; 21 cm. |
| 490 ## - SERIES STATEMENT | |
| Series statement | Norwegian studies in English ; 19 |
| 500 ## - GENERAL NOTE | |
| General note | Peter Bilton. |
| 650 ## - SUBJECT ADDED ENTRY--TOPICAL TERM | |
| Topical term or geographic name entry element | ENGLISH LITERATURE |
| 700 ## - ADDED ENTRY--PERSONAL NAME | |
| Personal name | Bilton, Peter |
No items available.